Journal of the Society for Industrial and Applied Mathematics

Bibliographic Details
New Title:SIAM journal on applied mathematics (Online)
Corporate Author: Society for Industrial and Applied Mathematics
Format: Electronic Journal
Language:English
Published: Philadelphia, Pa. : Society for Industrial and Applied Mathematics, 1953-1965.
Subjects:
Online Access:Full text available from Research Library: 09/01/1953 to 12/31/1965

MARC

LEADER 00000nas a2200000 a 4500
001 ssj0007125
003 WaSeSS
005 20200512172242.0
006 m d
007 cr n
008 980203d19531965pauqr p s 0 a0eng
010 |a sn 98023007  
022 |a 2168-3484  |y 0368-4245 
035 |a (WaSeSS)ssj0007125 
040 |a EYM  |b eng  |c EYM  |d OCL  |d EYM  |d IUL  |d OCLCQ  |d DLC  |d OCLCQ  |d OCLCO  |d OCLCQ  |d OCLCF  |d VT2  |d OCLCQ  |d GILDS  |d NJT  |d WaSeSS 
042 |a pcc  |a nsdp 
050 1 4 |a QA1 
082 1 0 |a 510  |2 14 
130 0 |a Journal of the Society for Industrial and Applied Mathematics (Online) 
210 0 |a J. soc. ind. appl. math.  |b (Online) 
222 0 |a Journal of the Society for Industrial and Applied Mathematics  |b (Online) 
245 1 0 |a Journal of the Society for Industrial and Applied Mathematics  |h [electronic resource]. 
260 |a Philadelphia, Pa. :  |b Society for Industrial and Applied Mathematics,  |c 1953-1965. 
310 |a Quarterly 
362 0 |a Vol. 1, no. 1 (Sept. 1953)-v. 13, no. 4 (Dec. 1965). 
506 |a License restrictions may limit access. 
538 |a Mode of access: World Wide Web. 
588 |a Description based on JSTOR World Wide Web homepage; title from title screen. 
588 |a Latest issue consulted: Vol. 13, no. 4 (Dec. 1965) (JSTOR website, viewed June 19, 2012). 
650 0 |a Mathematics  |v Periodicals. 
650 7 |a Mathematics.  |2 fast  |0 (OCoLC)fst01012163 
655 0 |a Electronic journals. 
710 2 |a Society for Industrial and Applied Mathematics. 
776 1 |t Journal of the Society for Industrial and Applied Mathematics  |x 0368-4245  |w (DLC) 58047731  |w (OCoLC)1590540 
785 0 0 |t SIAM journal on applied mathematics (Online)  |x 0036-1399  |w (DLC)sn 98023008  |w (OCoLC)38309887 
856 4 0 |z Full text available from Research Library: 09/01/1953 to 12/31/1965  |u https://search.proquest.com/publication/666314